<?xml version="1.0" encoding="UTF-8"?>
<record
    xmlns:xsi="http://www.w3.org/2001/XMLSchema-instance"
    xsi:schemaLocation="http://www.loc.gov/MARC21/slim http://www.loc.gov/standards/marcxml/schema/MARC21slim.xsd"
    xmlns="http://www.loc.gov/MARC21/slim">

  <leader>01567nam a2200253Ia 4500</leader>
  <datafield tag="952" ind1=" " ind2=" ">
    <subfield code="0">0</subfield>
    <subfield code="1">0</subfield>
    <subfield code="4">0</subfield>
    <subfield code="7">0</subfield>
    <subfield code="a">11</subfield>
    <subfield code="b">11</subfield>
    <subfield code="d">2007-01-08</subfield>
    <subfield code="l">2</subfield>
    <subfield code="o">LB1045 B45</subfield>
    <subfield code="p">11 001212</subfield>
    <subfield code="r">2019-11-20</subfield>
    <subfield code="s">2019-11-20</subfield>
    <subfield code="t">1</subfield>
    <subfield code="w">2012-06-26</subfield>
    <subfield code="y">LB</subfield>
  </datafield>
  <datafield tag="952" ind1=" " ind2=" ">
    <subfield code="0">0</subfield>
    <subfield code="1">0</subfield>
    <subfield code="4">0</subfield>
    <subfield code="7">0</subfield>
    <subfield code="a">11</subfield>
    <subfield code="b">11</subfield>
    <subfield code="d">2012-04-26</subfield>
    <subfield code="l">2</subfield>
    <subfield code="o">LB1045 B45</subfield>
    <subfield code="p">11 009521</subfield>
    <subfield code="r">2013-07-19</subfield>
    <subfield code="s">2013-07-18</subfield>
    <subfield code="t">2</subfield>
    <subfield code="w">2012-06-26</subfield>
    <subfield code="y">LB</subfield>
  </datafield>
  <datafield tag="999" ind1=" " ind2=" ">
    <subfield code="c">68854</subfield>
    <subfield code="d">68854</subfield>
  </datafield>
  <controlfield tag="008">120626s1975    mx a          000 0 spa d</controlfield>
  <datafield tag="020" ind1=" " ind2=" ">
    <subfield code="a">9682403628</subfield>
  </datafield>
  <datafield tag="050" ind1=" " ind2=" ">
    <subfield code="a">LB1045</subfield>
    <subfield code="b">B45</subfield>
  </datafield>
  <datafield tag="100" ind1=" " ind2=" ">
    <subfield code="a">Brown, James W. </subfield>
    <subfield code="e">autor</subfield>
  </datafield>
  <datafield tag="240" ind1=" " ind2=" ">
    <subfield code="a">Av instruction: technology, media and methods</subfield>
    <subfield code="l">espa&#xF1;ol</subfield>
  </datafield>
  <datafield tag="245" ind1=" " ind2=" ">
    <subfield code="a">Instrucci&#xF3;n audio-visual</subfield>
    <subfield code="c">/ James, W. Brown: Richard, B. Lewis: Fred, F. Harcleroad; traducci&#xF3;n de Ricardo, Vin&#xF3;s Cruz L&#xF3;pez</subfield>
    <subfield code="b">: Tecnolog&#xED;a, medios  y m&#xE9;todos </subfield>
  </datafield>
  <datafield tag="260" ind1=" " ind2=" ">
    <subfield code="a">M&#xE9;xico</subfield>
    <subfield code="b">: Trillas</subfield>
    <subfield code="c">, 1975</subfield>
  </datafield>
  <datafield tag="300" ind1=" " ind2=" ">
    <subfield code="a">581 p&#xE1;ginas</subfield>
    <subfield code="b">: ilustraciones </subfield>
  </datafield>
  <datafield tag="500" ind1=" " ind2=" ">
    <subfield code="a">T&#xED;tulo original: Av instruction: technology, media and methods</subfield>
  </datafield>
  <datafield tag="500" ind1=" " ind2=" ">
    <subfield code="a">reimpresi&#xF3;n 1990</subfield>
  </datafield>
  <datafield tag="500" ind1=" " ind2=" ">
    <subfield code="a">Incluye: Indice general, Indice alfab&#xE9;tico</subfield>
  </datafield>
  <datafield tag="505" ind1=" " ind2=" ">
    <subfield code="a">Los medios y el enfoque sistem&#xE1;tico de la ense&#xF1;anza y el aprendizaje  
C&#xF3;mo elegir, usar y producir medios  
Los exhibidores y algunos fundamentos de comunicaci&#xF3;n visual  
Materiales gr&#xE1;ficos  
Transparencias para retroproyecci&#xF3;n  
Im&#xE1;genes fijas  
Cine  
Materiales auditivos  
Televisi&#xF3;n  
Fotograf&#xED;a  
Cosas reales, modelos y demostraciones  
Recursos de la comunidad  
Juegos, simulaciones y dramatizaciones informales  
Materiales complementarios, gratuitos y baratos  
Materiales impresos de texto y consulta  
Y...&#xBF;En el futuro?  
Secciones de referencia</subfield>
  </datafield>
  <datafield tag="519" ind1=" " ind2=" ">
    <subfield code="a">Material Complementario/  </subfield>
    <subfield code="b">Pedagog&#xED;a / </subfield>
    <subfield code="d">(11 001212)  
</subfield>
  </datafield>
  <datafield tag="650" ind1=" " ind2="0">
    <subfield code="a">MATERIALES DID&#xC1;CTICOS  </subfield>
  </datafield>
  <datafield tag="650" ind1=" " ind2="0">
    <subfield code="a">MATERIALES AUDIOVISUALES</subfield>
  </datafield>
  <datafield tag="700" ind1=" " ind2=" ">
    <subfield code="a">Lewis, Richard B.</subfield>
    <subfield code="e">autor</subfield>
  </datafield>
  <datafield tag="700" ind1=" " ind2=" ">
    <subfield code="a">Harcleroad, Fred F.</subfield>
    <subfield code="e">autor</subfield>
  </datafield>
  <datafield tag="942" ind1=" " ind2=" ">
    <subfield code="c">LB</subfield>
  </datafield>
</record>
